000 00930nam1a22002171i 4500
001 rc\2988135
005 20240724001237.0
035 _a(NLR Aleph) 007132397
090 _a6972779
_c6972779
100 _a20080122d1933 |||y0rusy50 ca
101 0 _arus
102 _aRU
105 _ay z ||||y
200 1 _aКурс аналитической геометрии для втузов ...
_eДопущено Ком-том по высш. техн. образ. при ЦИК СССР в качестве учеб. пособия на 1933-34 г. Ч. 1-
_fН.М. Бескин
210 _aМосква
_aЛенинград
_cГос. техн.-теорет. изд-во
_d1933
_eЛенинград
_gтип. им. Бухарина
215 _d24х16 см
700 1 _aБескин
_bН.М.
_f1904-
_gНиколай Михайлович
801 0 _aRU
_bNLR
_gpsbo
801 1 _aRU
_bELAR
_2rusmarc
852 _aNLR
_j34-18/67(1)
942 _cBOOK